| 000 | 00921cam a2200181ua 4500 | ||
|---|---|---|---|
| 020 | _c2 | ||
| 041 |
_ahin _h |
||
| 082 |
_a891.43 _bPRA/BI |
||
| 110 | 1 |
_aPrakash . _bPandit _c() |
|
| 245 |
_aBin bulaye mehman / _cPandit Prakash. _hTextual Documents |
||
| 250 |
_a1 / _b. |
||
| 260 |
_a : _bHind Pocket Books Pvt Ltd , _c1992. |
||
| 300 | _a120 ; . | ||
| 365 | _a2 | ||
| 504 | _a | ||
| 942 | _cBK | ||
| 999 |
_c2830 _d2830 |
||